Textbook of drug design and discovery
Textbook of Drug Design and Discovery, Fifth Edition, has been thoroughly revised and updated to provide a complete source of information on all facets of drug design and discovery for students of chemistry, pharmacy, pharmacology, biochemistry, and medicine. The information is presented in an up-to...
Zapisane w:
| Format: | Książka |
|---|---|
| Język: | Undetermined |
| Wydane: |
New York
CRC Press
2017
|
| Hasła przedmiotowe: | |
| Etykiety: |
Dodaj etykietę
Nie ma etykietki, Dołącz pierwszą etykiete!
|
| Thư viện lưu trữ: | Trung tâm Học liệu Trường Đại học Cần Thơ |
|---|
| LEADER | 00931nam a2200193Ia 4500 | ||
|---|---|---|---|
| 001 | CTU_238362 | ||
| 008 | 210402s9999 xx 000 0 und d | ||
| 082 | |a 615.1 | ||
| 082 | |b T355 | ||
| 245 | 0 | |a Textbook of drug design and discovery | |
| 245 | 0 | |c Edited by Povl Krogsgaard-Larsen, Kristian Stromgaard, Ulf Madsen | |
| 260 | |a New York | ||
| 260 | |b CRC Press | ||
| 260 | |c 2017 | ||
| 520 | |a Textbook of Drug Design and Discovery, Fifth Edition, has been thoroughly revised and updated to provide a complete source of information on all facets of drug design and discovery for students of chemistry, pharmacy, pharmacology, biochemistry, and medicine. The information is presented in an up-to-date review form with an underlying and fundamental focus on the educational aspects. | ||
| 650 | |a Thuốc,Drugs | ||
| 650 | |x Bào chế,Design | ||
| 910 | |b dqhieu | ||
| 980 | |a Trung tâm Học liệu Trường Đại học Cần Thơ | ||